000 00725cam a2200229 a 4500
001 1596443
005 20180817041236.0
008 940411s1994 nyua b 001 0 eng
010 _a 94016064
020 _a1557785163 (pbk. : alk. paper) :
_c$17.95
040 _aDLC
_cDLC
_dDLC
041 _aeng
080 _a2 MUR
082 0 0 _a2 MUR
_220
100 1 _a24
101 _aFE
245 1 4 _aThe vision of Islam /
_cby Sachiko Murata and William C. Chittick.
504 _aIncludes bibliographical references (p. [353]-358) and index.
906 _a7
_bcbc
_corignew
_d1
_eocip
_f19
_gy-gencatlg
942 _2ddc
_cBK
999 _c47201
_d47201